Ako písať seminárnu, ročníkovú, diplomovú, rigoróznu prácu v študijných odboroch vzdelávanie dospelých (andragogika) a sociálna práca

Bibliographic Details
Main Author: Halečka, Tibor, 1931-2004 (Author)
Format: Book
Language:Slovak
PhysicalDescription:46 s., 6 príl. tab. 30 cm
Published: Prešov Akcent print 2000
ISBN:8096836706
Subjects:

MARC

LEADER 00000nam a2200000 a 4500
001 vtls001409459
003 SK-MaSNL
005 20260309104935.0
008 240314s2000 xo ap r yy slo
015 |a SNBA2002/01-00360 
020 |a 8096836706 
035 |a SNK000364147 
035 |a urn:nbn:sk:snk-amlrk3 
035 |a urn:nbn:sk:snk-am00c922 
035 |a C31D5353-923D-4AB4-8A8A-BB36665531E7 
040 |a SNK  |b slo  |c SNK  |e AACR2 
041 0 |a slo 
044 |a xo  |c SK 
080 |a 001.81:362+37.01.83(035)  |2 1981 
080 |a 362(035)  |2 1981 
080 |a 37.01.83(035)  |2 1981 
080 |a 364-78  |2 2011 
080 |a 37.013.83  |2 2011 
080 |a 371.27  |2 2011 
100 1 |a Halečka, Tibor,  |d 1931-2004  |4 aut  |9 125150 
245 1 0 |a Ako písať seminárnu, ročníkovú, diplomovú, rigoróznu prácu  |b v študijných odboroch vzdelávanie dospelých (andragogika) a sociálna práca  |c Tibor Halečka 
260 |a Prešov  |b Akcent print  |c 2000 
300 |a 46 s., 6 príl.  |b tab.  |c 30 cm 
500 |a 400 výt. 
504 |a Bibliogr. s. 46 
650 0 7 |a kvalifikačné práce  |2 SNK  |9 99165 
650 0 7 |a sociálna práca  |9 1550 
650 0 7 |a andragogika  |9 67508 
650 0 7 |a písanie  |9 1728 
655 7 |a príručky  |2 SNKPH  |9 74364 
919 |a 80-968367-0-6 
954 |a odborná, vedecká literatúra pôvodná (slovenská) 
958 |a TL 
958 |a NB 
958 |a OND 
999 |c 897820  |d 899750 
952 |t P60, <03>, [BOOK], {603}  |a SNK  |b SNK  |y PREZ  |7 0  |p 17A0293535  |o snkSB 63167  |i snkKSP 3890/2001  |0 0  |1 0  |4 0  |d 2001-03-16  |f 1  |l 0  |r 2025-04-15 00:00:00  |w 2026-02-24